[Event "BL 0809 (Women)"]
[Site "Germany"]
[Date "2009.03.07"]
[Round "8.4"]
[White "Kubikova, Hana"]
[Black "Seeger, Franziska"]
[Result "1-0"]
[WhiteElo "2214"]
[BlackElo "2065"]
[PlyCount "21"]
[EventDate "2008.11.08"]
[EventType "team-tourn"]
[EventRounds "11"]
[EventCountry "GER"]
[SourceTitle "EXT 2010"]
[Source "ChessBase"]
[SourceDate "2010.11.25"]
[SourceVersion "1"]
[SourceVersionDate "2010.11.25"]
[SourceQuality "1"]
[WhiteTeam "Rodewisch (W)"]
[BlackTeam "Lehrte (W)"]
[WhiteTeamCountry "GER"]
[BlackTeamCountry "GER"]

1. d4 d5 2. Nf3 Nf6 3. Bg5 e6 4. e3 Be7 5. Bd3 Nbd7 6. Nbd2 b6 7. c3 Bb7 8. Qa4 0-0 9. Ne5 Nxe5 10. dxe5 Nd7 11. Qh4 1-0

[Event "BL 0809 (Women)"]
[Site "Germany"]
[Date "2008.12.07"]
[Round "4.5"]
[White "Vidonyak, Nellya"]
[Black "Seeger, Franziska"]
[Result "1-0"]
[WhiteElo "2176"]
[BlackElo "2065"]
[PlyCount "62"]
[EventDate "2008.11.08"]
[EventType "team-tourn"]
[EventRounds "11"]
[EventCountry "GER"]
[SourceTitle "EXT 2010"]
[Source "ChessBase"]
[SourceDate "2010.11.25"]
[SourceVersion "1"]
[SourceVersionDate "2010.11.25"]
[SourceQuality "1"]
[WhiteTeam "Karlsruhe 1853 (W)"]
[BlackTeam "Lehrte (W)"]
[WhiteTeamCountry "GER"]
[BlackTeamCountry "GER"]

1. d4 d5 2. c4 e6 3. Nc3 Nf6 4. Bg5 Be7 5. e3 0-0 6. Qc2 h6 7. Bh4 b6 8. cxd5 exd5 9. Nf3 Bb7 10. Be2 Nbd7 11. 0-0 c5 12. dxc5 bxc5 13. Rfd1 Rc8 14. Rac1 Qa5 15. Qd2 Qb6 16. Na4 Qc6 17. Nc3 Rfd8 18. Bb5 Qe6 19. Qe2 a6 20. Ba4 Nb6 21. Bb3 Qd7 22. e4 c4 23. Bc2 Qg4 24. h3 Qe6 25. Nd4 Qd7 26. Nf5 Re8 27. e5 Bf8 28. Bxf6 gxf6 29. Qg4+ Kh8 30. Ne4 dxe4 31. Rxd7 Nxd7 1-0

[Event "BL 0809 (Women)"]
[Site "Germany"]
[Date "2008.11.09"]
[Round "2.4"]
[White "Seeger, Franziska"]
[Black "Eckhardt, Claudia"]
[Result "0-1"]
[WhiteElo "2065"]
[BlackElo "2182"]
[PlyCount "94"]
[EventDate "2008.11.08"]
[EventType "team-tourn"]
[EventRounds "11"]
[EventCountry "GER"]
[SourceTitle "EXT 2010"]
[Source "ChessBase"]
[SourceDate "2010.11.25"]
[SourceVersion "1"]
[SourceVersionDate "2010.11.25"]
[SourceQuality "1"]
[WhiteTeam "Lehrte (W)"]
[BlackTeam "Halle Volksbank (W)"]
[WhiteTeamCountry "GER"]
[BlackTeamCountry "GER"]

1. e4 c5 2. Nf3 e6 3. d4 cxd4 4. Nxd4 a6 5. Nc3 Qc7 6. a3 Nf6 7. Be3 Nc6 8. Be2 Be7 9. 0-0 d6 10. f4 Nxd4 11. Bxd4 e5 12. Be3 exf4 13. Rxf4 Be6 14. Nd5 Bxd5 15. exd5 Nd7 16. Bd4 Ne5 17. Bd3 g6 18. Qe2 0-0 19. Re1 Rfe8 20. Kh1 Bg5 21. Rff1 Qd7 22. Qd1 Ng4 23. h3 Ne5 24. c3 Re7 25. Re4 Rae8 26. Bc2 f5 27. Ree1 Bh4 28. Bf2 Bxf2 29. Rxf2 Nd3 30. Rxe7 Nxf2+ 31. Kg1 Qxe7 32. Kxf2 Qe3+ 33. Kf1 Qg3 34. Bd3 Re3 35. Be2 Qe5 36. Kf2 Qf4+ 37. Kg1 Re5 38. Bf3 Qe3+ 39. Kh2 Qf2 40. Qg1 Qxb2 41. Qa7 Re8 42. a4 Qxc3 43. Qxb7 Qe5+ 44. g3 Qe1 45. Qb6 Qd2+ 46. Bg2 Re2 47. Qg1 Qxd5 0-1

[Event "GER-ch U18 Girls"]
[Site "Willingen"]
[Date "2005.05.19"]
[Round "7"]
[White "Seeger, Franziska"]
[Black "Erbs, Susan"]
[Result "1/2-1/2"]
[WhiteElo "2073"]
[BlackElo "2026"]
[PlyCount "104"]
[EventDate "2005.05.14"]
[EventType "swiss"]
[EventRounds "9"]
[EventCountry "GER"]
[SourceTitle "CBM 106 Extra"]
[Source "ChessBase"]
[SourceDate "2005.07.01"]
[SourceVersion "1"]
[SourceVersionDate "2005.07.01"]
[SourceQuality "1"]

1. e4 d6 2. d4 Nf6 3. Nc3 g6 4. f4 Bg7 5. Bd3 0-0 6. Nf3 Nc6 7. 0-0 Bg4 8. Be3 e5 9. dxe5 dxe5 10. h3 exf4 11. Bxf4 Bxf3 12. Qxf3 Nh5 13. Bh2 Nd4 14. Qg4 c6 15. Kh1 Nf6 16. Qh4 Nd7 17. Qf2 Ne5 18. Rad1 Ne6 19. Ne2 Qa5 20. a3 Rad8 21. Nf4 Nxf4 22. Bxf4 Nxd3 23. Rxd3 f5 24. b4 Qb5 25. Rxd8 Rxd8 26. exf5 Qxf5 27. Qe2 Rf8 28. Rf3 Qd5 29. c4 Qd4 30. Qe6+ Kh8 31. Be5 Qd8 32. Bxg7+ Kxg7 33. Qe5+ Kg8 34. Qe6+ Kg7 35. Qe5+ Kg8 36. Qe6+ Kg7 37. Qe5+ Rf6 38. Rxf6 Qxf6 39. Qb8 Qf7 40. Qxa7 Qf1+ 41. Kh2 Qf4+ 42. Kg1 Qxc4 43. Qxb7+ Kh6 44. Qa7 Qc1+ 45. Kh2 Qf4+ 46. Kg1 Qc1+ 47. Kf2 Qd2+ 48. Kf3 Qd5+ 49. Kf2 Qd2+ 50. Kg3 Qg5+ 51. Kh2 Qe5+ 52. Kh1 Qe1+ 1/2-1/2

[Event "GER-ch U18 Girls"]
[Site "Willingen"]
[Date "2005.05.17"]
[Round "6"]
[White "Salden, Franziska"]
[Black "Seeger, Franziska"]
[Result "0-1"]
[WhiteElo "2021"]
[BlackElo "2073"]
[PlyCount "122"]
[EventDate "2005.05.14"]
[EventType "swiss"]
[EventRounds "9"]
[EventCountry "GER"]
[SourceTitle "CBM 106 Extra"]
[Source "ChessBase"]
[SourceDate "2005.07.01"]
[SourceVersion "1"]
[SourceVersionDate "2005.07.01"]
[SourceQuality "1"]

1. e4 e5 2. Nf3 Nc6 3. d4 exd4 4. Nxd4 Nf6 5. Nxc6 bxc6 6. e5 Qe7 7. Qe2 Nd5 8. c4 Ba6 9. b3 g5 10. Ba3 c5 11. Qe4 Nb6 12. Nd2 0-0-0 13. 0-0-0 Bg7 14. Qe3 Bxe5 15. Bxc5 d6 16. Bd4 Bb7 17. f3 f5 18. Bd3 Qf6 19. Bxe5 dxe5 20. Bc2 Rhe8 21. Qc3 Kb8 22. Rhe1 h6 23. Nf1 Rxd1+ 24. Rxd1 Qe6 25. Ng3 e4 26. fxe4 fxe4 27. Qe3 Qe5 28. Kb1 Nc8 29. Re1 Nd6 30. h3 Qf4 31. Kc1 Qe5 32. Kb1 Nf5 33. Nxf5 Qxf5 34. Kc1 Qf4 35. Kd2 Qd6+ 36. Kc1 Qa3+ 37. Kb1 Qd6 38. Kc1 Re6 39. Re2 Qe5 40. Kb1 Qf4 41. Kc1 Qxe3+ 42. Rxe3 c5 43. Kd2 Kc7 44. Kc3 a5 45. a3 Kd6 46. g3 Ke5 47. Bd1 Rf6 48. Bg4 Bc6 49. Re1 Rf2 50. Re3 Be8 51. Be2 h5 52. Bd1 h4 53. g4 Kf4 54. Re1 e3 55. Kd3 Bg6+ 56. Kc3 Be4 57. Be2 Bf3 58. Bxf3 Kxf3 59. Kd3 Rd2+ 60. Kc3 Re2 61. Ra1 Rh2 0-1

[Event "GER-ch U18 Girls"]
[Site "Willingen"]
[Date "2005.05.16"]
[Round "4"]
[White "Dauer, Christina"]
[Black "Seeger, Franziska"]
[Result "1-0"]
[WhiteElo "1645"]
[BlackElo "2073"]
[PlyCount "83"]
[EventDate "2005.05.14"]
[EventType "swiss"]
[EventRounds "9"]
[EventCountry "GER"]
[SourceTitle "CBM 106 Extra"]
[Source "ChessBase"]
[SourceDate "2005.07.01"]
[SourceVersion "1"]
[SourceVersionDate "2005.07.01"]
[SourceQuality "1"]

1. e4 e5 2. Nf3 Nc6 3. Bb5 a6 4. Ba4 Nf6 5. 0-0 Be7 6. Re1 b5 7. Bb3 d6 8. h3 0-0 9. c3 Na5 10. Bc2 c5 11. d4 Qc7 12. Nbd2 Bd7 13. Nf1 Rfc8 14. Ne3 g6 15. dxe5 dxe5 16. Nd5 Nxd5 17. exd5 f6 18. Bh6 Nc4 19. Qe2 Nd6 20. Nh4 Nf7 21. Bd2 f5 22. Nf3 Bf6 23. Rad1 Qd6 24. h4 Re8 25. Ng5 Rad8 26. Nxf7 Kxf7 27. h5 Qxd5 28. c4 Qe6 29. Bb3 b4 30. Bxb4 Qb6 31. Bc3 Bc6 32. Qe3 Kg7 33. h6+ Kf7 34. Rxd8 Qxd8 35. Qxc5 Be4 36. Qa7+ Re7 37. Qxa6 Bb7 38. c5+ Bd5 39. Rd1 Rd7 40. Rxd5 Rxd5 41. Qb7+ Ke6 42. Qc6+ 1-0

[Event "GER-ch U18 Girls"]
[Site "Willingen"]
[Date "2005.05.15"]
[Round "3"]
[White "Seeger, Franziska"]
[Black "Stemmler, Lysan"]
[Result "1-0"]
[WhiteElo "2073"]
[BlackElo "1754"]
[PlyCount "69"]
[EventDate "2005.05.14"]
[EventType "swiss"]
[EventRounds "9"]
[EventCountry "GER"]
[SourceTitle "CBM 106 Extra"]
[Source "ChessBase"]
[SourceDate "2005.07.01"]
[SourceVersion "1"]
[SourceVersionDate "2005.07.01"]
[SourceQuality "1"]

1. e4 d6 2. d4 Nf6 3. Nc3 g6 4. f4 Bg7 5. Nf3 0-0 6. Bd3 c5 7. dxc5 dxc5 8. 0-0 Nc6 9. h3 e6 10. Qe1 b6 11. a3 Bb7 12. Be3 a6 13. Qf2 Qe7 14. Rae1 Rfd8 15. g4 Nd7 16. e5 b5 17. Be4 Na5 18. Bxb7 Nxb7 19. Ne4 Rac8 20. g5 Na5 21. Nf6+ Bxf6 22. gxf6 Qf8 23. Qh4 Nc4 24. Bc1 h5 25. Rf2 Ndb6 26. Rg2 Kh8 27. Rg5 Qh6 28. f5 exf5 29. Rxf5 Qh7 30. Ng5 Qg8 31. e6 Rd4 32. Rf4 Rxf4 33. Qxf4 fxe6 34. f7 Qg7 35. Nxe6 1-0

[Event "GER-ch U18 Girls"]
[Site "Willingen"]
[Date "2005.05.14"]
[Round "1"]
[White "Seeger, Franziska"]
[Black "Wirths, Clara"]
[Result "0-1"]
[WhiteElo "2073"]
[BlackElo "1841"]
[PlyCount "54"]
[EventDate "2005.05.14"]
[EventType "swiss"]
[EventRounds "9"]
[EventCountry "GER"]
[SourceTitle "CBM 106 Extra"]
[Source "ChessBase"]
[SourceDate "2005.07.01"]
[SourceVersion "1"]
[SourceVersionDate "2005.07.01"]
[SourceQuality "1"]

1. e4 c5 2. Nf3 Nc6 3. d4 cxd4 4. Nxd4 Nf6 5. Nc3 e6 6. Ndb5 Bb4 7. Nd6+ Ke7 8. Nxc8+ Rxc8 9. Bd3 Ne5 10. 0-0 Qa5 11. Ne2 Qb6 12. a3 Bd6 13. b4 Nc4 14. h3 h6 15. Bf4 g5 16. Bc1 Be5 17. Rb1 Nh5 18. Kh1 Nf4 19. Nxf4 Bxf4 20. g3 Bxc1 21. Qxc1 Ne5 22. Qd2 Nf3 23. Qe2 Nd4 24. Qd2 Qc6 25. Rfc1 f5 26. Qe3 e5 27. Kh2 f4 0-1

[Event "Niedersachsen-ch U18"]
[Site "Rotenburg/Wuemme"]
[Date "2005.03.22"]
[Round "6"]
[White "Schiborr, Mark"]
[Black "Seeger, Franziska"]
[Result "0-1"]
[WhiteElo "1715"]
[BlackElo "2073"]
[PlyCount "118"]
[EventDate "2005.03.19"]
[EventType "swiss"]
[EventRounds "9"]
[EventCountry "GER"]
[SourceTitle "EXT 2007"]
[Source "ChessBase"]
[SourceDate "2006.11.23"]
[SourceVersion "1"]
[SourceVersionDate "2006.11.23"]
[SourceQuality "1"]

1. d4 d5 2. c4 e6 3. Nc3 Nf6 4. Bg5 Be7 5. e3 0-0 6. Nf3 h6 7. Bh4 b6 8. Bd3 Bb7 9. 0-0 Nbd7 10. Qe2 c5 11. Rac1 Re8 12. Rfd1 Rc8 13. cxd5 exd5 14. Ba6 Bxa6 15. Qxa6 Ra8 16. Qe2 c4 17. Ne5 Qc7 18. Nxd7 Qxd7 19. Qf3 Rad8 20. Rc2 b5 21. a3 a5 22. Bxf6 Bxf6 23. Ra1 b4 24. axb4 axb4 25. Ne2 Ra8 26. Rcc1 Qc6 27. Nf4 Red8 28. Qd1 Be7 29. g3 Bd6 30. Ne2 Rd7 31. Rxa8+ Qxa8 32. e4 Rc7 33. exd5 Qxd5 34. Qd2 Qe4 35. Rd1 Qd5 36. Rc1 Rd7 37. Qc2 Rc7 38. Re1 g6 39. Qd2 Kg7 40. Rc1 h5 41. f4 Re7 42. Kf2 Kf6 43. Qc2 Rc7 44. h4 Rc6 45. Rd1 Bc7 46. Rc1 Bb6 47. Rd1 Ba5 48. Rc1 b3 49. Qd1 Rd6 50. Qh1 Qe6 51. Qf3 Bb6 52. Rd1 Qf5 53. Qc3 Qd5 54. Qe3 Re6 55. Qf3 Qf5 56. Qc3 Qd5 57. Qf3 Qf5 58. Qc3 Rc6 59. Ke1 Ba5 0-1

[Event "Niedersachsen-ch U18"]
[Site "Rotenburg/Wuemme"]
[Date "2005.03.20"]
[Round "2"]
[White "Kohlmann, Arndt"]
[Black "Seeger, Franziska"]
[Result "1-0"]
[WhiteElo "1827"]
[BlackElo "2073"]
[PlyCount "81"]
[EventDate "2005.03.19"]
[EventType "swiss"]
[EventRounds "9"]
[EventCountry "GER"]
[SourceTitle "EXT 2007"]
[Source "ChessBase"]
[SourceDate "2006.11.23"]
[SourceVersion "1"]
[SourceVersionDate "2006.11.23"]
[SourceQuality "1"]

1. e4 e5 2. Nf3 Nc6 3. d4 exd4 4. Bc4 Nf6 5. 0-0 Nxe4 6. Re1 d5 7. Bxd5 Qxd5 8. Nc3 Qf5 9. Nxe4 Be7 10. Nxd4 Nxd4 11. Qxd4 0-0 12. Ng3 Qf6 13. Qd3 Be6 14. c3 Rfd8 15. Qe2 a6 16. Be3 b5 17. Bd4 Qg6 18. Nh5 Bd6 19. Bxg7 Bc4 20. Qf3 c6 21. Bd4 c5 22. Be3 Kh8 23. Qf6+ Kg8 24. Qxg6+ hxg6 25. Nf6+ Kg7 26. Ne4 f5 27. Nd2 Bd3 28. Bg5 Rd7 29. Re6 Kf7 30. Rae1 Bf8 31. Rf6+ Kg7 32. Nf3 Rd6 33. Rxd6 Bxd6 34. Re6 Bf8 35. Ne5 Bc4 36. Rxg6+ Kh7 37. Rc6 Bxa2 38. Rc7+ Kg8 39. Nd7 Bd6 40. Nf6+ Kf8 41. Bh6# 1-0

[Event "Niedersachsen-ch U18"]
[Site "Borkum"]
[Date "2004.04.09"]
[Round "9"]
[White "Boss, Igor"]
[Black "Seeger, Franziska"]
[Result "1-0"]
[WhiteElo "1931"]
[BlackElo "1845"]
[PlyCount "127"]
[EventDate "2004.04.??"]
[EventType "swiss"]
[EventRounds "9"]
[EventCountry "GER"]
[SourceTitle "EXT 2005"]
[Source "ChessBase"]
[SourceDate "2004.11.15"]
[SourceVersion "1"]
[SourceVersionDate "2004.11.15"]
[SourceQuality "1"]

1. d4 d5 2. Nf3 Nf6 3. Bg5 c5 4. e3 Nc6 5. c3 h6 6. Bh4 e6 7. Bd3 c4 8. Bc2 b5 9. 0-0 Be7 10. Nbd2 0-0 11. Bg3 Bb7 12. Ne5 Nxe5 13. dxe5 Nd7 14. Bb1 Re8 15. Qc2 Nf8 16. Nf3 a5 17. Nd4 Qb6 18. f4 f5 19. exf6 Bxf6 20. Qf2 b4 21. Bc2 Re7 22. a3 b3 23. Bd1 Bc6 24. Bh4 Nh7 25. g4 e5 26. Bxf6 Nxf6 27. fxe5 Rxe5 28. Bf3 Rae8 29. Rae1 Bd7 30. h3 Qd6 31. Re2 Qe7 32. Rfe1 Ne4 33. Qg2 Kh8 34. Kh1 Qh4 35. Rg1 Ng5 36. Kh2 Rxe3 37. Rge1 Rxe2 38. Rxe2 Rxe2 39. Bxe2 Ne4 40. Bf3 Qe7 41. Bxe4 dxe4 42. Qe2 Qe5+ 43. Kg2 Be6 44. Qe3 Kh7 45. Qg3 Qd5 46. Kf2 h5 47. gxh5 Bf7 48. Ke3 Bxh5 49. Qh4 g6 50. Qxe4 Qg5+ 51. Qf4 Qg1+ 52. Qf2 Qg5+ 53. Ke4 Qe7+ 54. Kd5 Qc7 55. Nb5 Qc8 56. Nd6 Qa8+ 57. Kxc4 Qc6+ 58. Qc5 Be2+ 59. Kd4 Qf3 60. Qc7+ Kg8 61. Qd8+ Kh7 62. Qe7+ Kg8 63. Qe8+ Kg7 64. Qe3 1-0

[Event "Niedersachsen-ch U18"]
[Site "Borkum"]
[Date "2004.04.04"]
[Round "2"]
[White "Wolters, Rene"]
[Black "Seeger, Franziska"]
[Result "0-1"]
[WhiteElo "1281"]
[BlackElo "1845"]
[PlyCount "100"]
[EventDate "2004.04.??"]
[EventType "swiss"]
[EventRounds "9"]
[EventCountry "GER"]
[SourceTitle "EXT 2005"]
[Source "ChessBase"]
[SourceDate "2004.11.15"]
[SourceVersion "1"]
[SourceVersionDate "2004.11.15"]
[SourceQuality "1"]

1. e4 e5 2. Nf3 Nc6 3. Bc4 Nf6 4. Nc3 Nxe4 5. Bxf7+ Kxf7 6. Nxe4 d5 7. Neg5+ Kg8 8. d3 h6 9. Nh3 Bd6 10. Qe2 Bg4 11. Bd2 Nd4 12. Qd1 Nxf3+ 13. gxf3 Bxh3 14. Rg1 Kh7 15. Qe2 Rf8 16. 0-0-0 Qf6 17. Rg3 Bf5 18. Rdg1 Rf7 19. R1g2 e4 20. f4 exd3 21. cxd3 Qd4 22. Qf3 Qc5+ 23. Kb1 a5 24. Qh5 Raf8 25. Ka1 Qc2 26. Qe2 Bxf4 27. Rxg7+ Rxg7 28. Rxg7+ Kxg7 29. Bc3+ Qxc3 30. bxc3 Bxh2 31. d4 b6 32. Qf3 Be4 33. Qg4+ Kh8 34. Qh4 Bf4 35. Qe7 Kg8 36. Qe6+ Rf7 37. Qg4+ Bg5 38. a4 Rxf2 39. Qc8+ Rf8 40. Qxc7 Rf1+ 41. Ka2 Rf2+ 42. Ka1 Rf1+ 43. Ka2 Rb1 44. Qc8+ Kh7 45. Qd7+ Kg6 46. Qd6+ Kf5 47. Qe5+ Kg4 48. Qh2 Rh1 49. Qe2+ Kg3 50. c4 Rh2 0-1

[Event "GER-ch Lands U20"]
[Site "Kassel"]
[Date "2003.10.20"]
[Round "2.6"]
[White "Mader, Manuela"]
[Black "Seeger, Franziska"]
[Result "1-0"]
[WhiteElo "1662"]
[BlackElo "2064"]
[PlyCount "59"]
[EventDate "2003.10.19"]
[EventType "team"]
[EventRounds "7"]
[EventCountry "GER"]
[SourceTitle "EXT 2004"]
[Source "ChessBase"]
[SourceDate "2003.11.25"]
[SourceVersion "1"]
[SourceVersionDate "2003.11.25"]
[SourceQuality "1"]

1. e4 e5 2. Nf3 Nc6 3. d4 exd4 4. Nxd4 Nf6 5. Nxc6 bxc6 6. Bd3 d5 7. exd5 cxd5 8. 0-0 Be7 9. Nd2 0-0 10. h3 c6 11. Nf3 Qc7 12. Re1 Re8 13. Bg5 Bd7 14. c3 h6 15. Bh4 Qb6 16. Qc2 c5 17. Ne5 Be6 18. Re2 g5 19. Bg3 Nh5 20. Bh2 Ng7 21. Rae1 Bd6 22. Kh1 Qc7 23. h4 g4 24. Qd2 h5 25. Qh6 Nf5 26. Bxf5 Bxf5 27. Qg5+ Bg6 28. Nxg6 Rxe2 29. Rxe2 fxg6 30. Qxg6+ 1-0

[Event "GER-ch U18 Girls"]
[Site "Willingen"]
[Date "2003.06.14"]
[Round "9"]
[White "Stejskal, Janina Maria"]
[Black "Seeger, Franziska"]
[Result "1/2-1/2"]
[WhiteElo "1744"]
[BlackElo "2117"]
[PlyCount "60"]
[EventDate "2003.06.08"]
[EventType "swiss"]
[EventRounds "9"]
[EventCountry "GER"]
[SourceTitle "CBM 094 Extra"]
[Source "ChessBase"]
[SourceDate "2003.07.09"]
[SourceVersion "2"]
[SourceVersionDate "2003.07.09"]
[SourceQuality "1"]

1. e4 e5 2. Nf3 Nc6 3. d4 exd4 4. Nxd4 Bc5 5. Be3 Qf6 6. c3 Nge7 7. Nc2 Bxe3 8. Nxe3 d6 9. Nd2 Be6 10. Be2 d5 11. exd5 Nxd5 12. Nxd5 Bxd5 13. Bf3 0-0-0 14. Bxd5 Rxd5 15. Qg4+ Kb8 16. 0-0-0 Qxf2 17. Rhf1 Qe3 18. Qxg7 Rhd8 19. Rfe1 Qf4 20. g3 Qd6 21. Re2 Ne5 22. Qxh7 Qa6 23. Rxe5 Rxe5 24. Qxf7 Qd3 25. Qf4 Re3 26. a3 a6 27. Qg5 Ka7 28. Qc5+ Kb8 29. Qg5 Ka7 30. Qc5+ Kb8 1/2-1/2

[Event "GER-ch U18 Girls"]
[Site "Willingen"]
[Date "2003.06.10"]
[Round "6"]
[White "Handrick Morgenstern, Petra"]
[Black "Seeger, Franziska"]
[Result "1/2-1/2"]
[WhiteElo "2119"]
[BlackElo "2117"]
[PlyCount "39"]
[EventDate "2003.06.08"]
[EventType "swiss"]
[EventRounds "9"]
[EventCountry "GER"]
[SourceTitle "CBM 094 Extra"]
[Source "ChessBase"]
[SourceDate "2003.07.09"]
[SourceVersion "2"]
[SourceVersionDate "2003.07.09"]
[SourceQuality "1"]

1. d4 d5 2. c4 e6 3. Nf3 Nf6 4. g3 c6 5. Bg2 Nbd7 6. Qc2 Bd6 7. 0-0 0-0 8. Rd1 Qe7 9. Nbd2 Re8 10. e4 dxe4 11. Nxe4 Nxe4 12. Qxe4 e5 13. dxe5 Nxe5 14. Nxe5 Bxe5 15. Bf4 Bf6 16. Qc2 Qb4 17. Rd2 Be6 18. c5 Rad8 19. Bd6 g6 20. a3 1/2-1/2

[Event "GER-ch U18 Girls"]
[Site "Willingen"]
[Date "2003.06.09"]
[Round "3"]
[White "Kopietz, Simone"]
[Black "Seeger, Franziska"]
[Result "0-1"]
[WhiteElo "1477"]
[BlackElo "2117"]
[PlyCount "84"]
[EventDate "2003.06.08"]
[EventType "swiss"]
[EventRounds "9"]
[EventCountry "GER"]
[SourceTitle "CBM 094 Extra"]
[Source "ChessBase"]
[SourceDate "2003.07.09"]
[SourceVersion "2"]
[SourceVersionDate "2003.07.09"]
[SourceQuality "1"]

1. e4 e5 2. Nf3 Nc6 3. Bb5 a6 4. Ba4 Nf6 5. 0-0 Be7 6. Re1 b5 7. Bb3 0-0 8. c3 d6 9. d4 exd4 10. cxd4 Bg4 11. d5 Ne5 12. Nbd2 Nfd7 13. h3 Bh5 14. g4 Bg6 15. Nxe5 Nxe5 16. Nf3 Qd7 17. Nxe5 dxe5 18. f4 Bc5+ 19. Kg2 exf4 20. Bxf4 Rfe8 21. e5 Rad8 22. Rc1 Bb6 23. e6 fxe6 24. dxe6 Qe7 25. Qd7 Kf8 26. Qxe7+ Rxe7 27. Bg5 c5 28. Bxe7+ Kxe7 29. Rcd1 Rxd1 30. Bxd1 c4 31. Bf3 Bd4 32. Be4 Be8 33. Bxh7 Bxb2 34. Be4 b4 35. Kf3 c3 36. Bc2 Bc6+ 37. Kf2 Bd5 38. Bb1 a5 39. Re5 c2 40. Bxc2 Bxe5 41. Bb3 Bxb3 42. axb3 a4 0-1

[Event "GER-ch U16 Girls"]
[Site "Winterberg"]
[Date "2002.05.25"]
[Round "9"]
[White "Mass, Elvira"]
[Black "Seeger, Franziska"]
[Result "1/2-1/2"]
[WhiteElo "1727"]
[BlackElo "1701"]
[PlyCount "101"]
[EventDate "2002.05.19"]
[EventType "swiss"]
[EventRounds "8"]
[EventCountry "GER"]
[SourceTitle "CBM 088 Extra"]
[Source "ChessBase"]
[SourceDate "2002.07.01"]
[SourceVersion "2"]
[SourceVersionDate "2002.07.01"]
[SourceQuality "1"]

1. e4 e5 2. Nf3 Nc6 3. d4 exd4 4. Nxd4 Nf6 5. Nxc6 bxc6 6. e5 Qe7 7. Qe2 Nd5 8. c4 Ba6 9. b3 g5 10. Bb2 Bg7 11. Qe4 Nf6 12. Qe2 Nd5 13. Nd2 0-0-0 14. Qe4 Nf4 15. 0-0-0 Ng6 16. Qe3 Kb7 17. Ne4 Ka8 18. Kb1 h6 19. Nc5 Bc8 20. Nd3 Rhe8 21. Re1 Qf8 22. g3 Nxe5 23. Bxe5 Bxe5 24. Nxe5 f6 25. f4 fxe5 26. fxe5 d6 27. Bg2 Rxe5 28. Bxc6+ Bb7 29. Bxb7+ Kxb7 30. Qc3 Qf5+ 31. Qc2 Qxc2+ 32. Kxc2 Rde8 33. Kd2 Rxe1 34. Rxe1 Rxe1 35. Kxe1 Kc6 36. Kd2 Kc5 37. Kc3 a5 38. a3 d5 39. b4+ axb4+ 40. axb4+ Kd6 41. c5+ Kc6 42. Kd4 g4 43. Ke5 Kb5 44. Kxd5 Kxb4 45. Kc6 Kc4 46. Kxc7 Kxc5 47. Kd7 Kd5 48. Ke7 Ke5 49. Kf7 Kf5 50. Kg7 Kg5 51. Kf7 1/2-1/2

[Event "GER-ch U16 Girls"]
[Site "Winterberg"]
[Date "2002.05.23"]
[Round "7"]
[White "Grote, Steffi"]
[Black "Seeger, Franziska"]
[Result "0-1"]
[WhiteElo "1568"]
[BlackElo "1701"]
[PlyCount "50"]
[EventDate "2002.05.19"]
[EventType "swiss"]
[EventRounds "8"]
[EventCountry "GER"]
[SourceTitle "CBM 088 Extra"]
[Source "ChessBase"]
[SourceDate "2002.07.01"]
[SourceVersion "2"]
[SourceVersionDate "2002.07.01"]
[SourceQuality "1"]

1. c4 e5 2. Nc3 Nf6 3. d3 d5 4. cxd5 Nxd5 5. g3 Nb6 6. Bg2 Be7 7. Nf3 Nc6 8. 0-0 0-0 9. a3 Be6 10. b4 f6 11. Bd2 Nd4 12. Nxd4 exd4 13. Ne4 Bd5 14. Rc1 Nd7 15. Bf4 Rc8 16. Nd6 Bxg2 17. Nxc8 Bxf1 18. Nxe7+ Qxe7 19. Kxf1 Ne5 20. Rc5 Re8 21. Rd5 Qe6 22. e4 dxe3 23. Rc5 Qh3+ 24. Ke1 exf2+ 25. Kxf2 Qxh2+ 0-1

[Event "GER-ch U16 Girls"]
[Site "Winterberg"]
[Date "2002.05.23"]
[Round "8"]
[White "Seeger, Franziska"]
[Black "Beltz, Carmen"]
[Result "1-0"]
[WhiteElo "1701"]
[BlackElo "1449"]
[PlyCount "147"]
[EventDate "2002.05.19"]
[EventType "swiss"]
[EventRounds "8"]
[EventCountry "GER"]
[SourceTitle "CBM 088 Extra"]
[Source "ChessBase"]
[SourceDate "2002.07.01"]
[SourceVersion "2"]
[SourceVersionDate "2002.07.01"]
[SourceQuality "1"]

1. e4 c5 2. Nf3 d6 3. d4 cxd4 4. Nxd4 Nf6 5. Nc3 g6 6. Be3 Bg7 7. f3 Nc6 8. Qd2 0-0 9. 0-0-0 Nxd4 10. Bxd4 Be6 11. Kb1 Qc7 12. h4 Rfc8 13. Bd3 Qa5 14. a3 Rab8 15. h5 b5 16. hxg6 hxg6 17. g4 b4 18. Nd5 Bxd5 19. exd5 Qxd5 20. Bxf6 Bxf6 21. axb4 Qe5 22. c3 a5 23. f4 Qd5 24. b5 a4 25. Bxg6 Qxd2 26. Bh7+ Kg7 27. Rxd2 Rxb5 28. Ka2 Rh8 29. Rdh2 e5 30. Rh5 Rc5 31. g5 Be7 32. f5 f6 33. gxf6+ Bxf6 34. Rg1+ Kf8 35. Rg6 Ke7 36. Rhh6 Rf8 37. Bg8 e4 38. Rh7+ Kd8 39. Be6 Rc7 40. Rxc7 Kxc7 41. Rg4 e3 42. Rg3 e2 43. Re3 Ra8 44. Ka3 Kc6 45. Rxe2 Kc5 46. Rd2 Ra7 47. Rg2 Ra8 48. Rg6 Rf8 49. Kxa4 Be5 50. b4+ Kb6 51. c4 Ra8+ 52. Kb3 Rf8 53. Rh6 Bd4 54. Bd7 Kc7 55. Rh7 Kb6 56. Be6 Be5 57. Kc2 Ra8 58. Kd3 Ra4 59. b5 Ra1 60. Bd5 Rd1+ 61. Kc2 Rf1 62. Rb7+ Kc5 63. Rc7+ Kb6 64. Rc6+ Ka7 65. b6+ Ka6 66. c5 Rxf5 67. Bc4+ Kb7 68. Rc7+ Kb8 69. Ba6 Rf8 70. c6 Rf2+ 71. Kd1 Rf8 72. Rb7+ Ka8 73. Ra7+ Kb8 74. c7# 1-0

[Event "BL2 Sued 0102 (Women)"]
[Site "Germany"]
[Date "2002.03.03"]
[Round "7.6"]
[White "Klein, Cornelia"]
[Black "Seeger, Franziska"]
[Result "0-1"]
[WhiteElo "1739"]
[BlackElo "1425"]
[PlyCount "88"]
[EventDate "2001.10.27"]
[EventType "team-tourn"]
[EventRounds "7"]
[EventCountry "GER"]
[SourceTitle "EXT 2003"]
[Source "ChessBase"]
[SourceDate "2002.11.25"]
[SourceVersion "1"]
[SourceVersionDate "2002.11.25"]
[SourceQuality "1"]
[WhiteTeam "Schott Mainz"]
[BlackTeam "Oesede Georgsmarienhuette"]
[WhiteTeamCountry "GER"]
[BlackTeamCountry "GER"]

1. e4 e5 2. Nf3 Nc6 3. Bb5 a6 4. Ba4 Nf6 5. 0-0 Be7 6. Re1 b5 7. Bb3 0-0 8. c3 d5 9. exd5 Nxd5 10. h3 Qd6 11. d4 exd4 12. Nxd4 Nxd4 13. Qxd4 Bb7 14. Nd2 Nf6 15. Qxd6 Bxd6 16. Nf1 Rfe8 17. Bg5 Ne4 18. Be3 Re7 19. Rad1 Rae8 20. Nd2 Nc5 21. Bc2 Bd5 22. b3 a5 23. c4 Bc6 24. cxb5 Bxb5 25. Nf3 Ne4 26. Nd4 Bd7 27. Rd3 Bb4 28. Rf1 c5 29. Nf3 Bb5 30. Rd5 Bxf1 31. Kxf1 Nc3 32. Rd2 Ne4 33. Rd5 g6 34. Bxe4 Rxe4 35. Kg1 Rc8 36. Ne5 Kg7 37. Nc4 Rc6 38. a3 Bc3 39. Bxc5 a4 40. Ne3 axb3 41. f3 Rxc5 42. Rxc5 Rxe3 43. Kf2 Bd4 44. Rc1 Rc3+ 0-1